Sports Quiz

Random Sports Quiz
Score 0/22 Timer 04:00
0 Plays Today
Year recognized Olympic National Committee % Correct
1894United States
98.6%
1905Great Britain
98.6%
1894France
97.2%
1895Greece
95.8%
1907Canada
93%
1895Australia
90.1%
1895Germany
90.1%
1912Spain
90.1%
1912Japan
88.7%
1912Austria
87.3%
1900Norway
84.5%
Year recognized Olympic National Committee % Correct
1905Denmark
84.5%
1909Portugal
83.1%
1912Netherlands
80.3%
1895Hungary
78.9%
1912Switzerland
78.9%
1906Belgium
77.5%
1907Finland
76.1%
1912Luxembourg
64.8%
1911Turkey
60.6%
1910Egypt
56.3%
1912Serbia
33.8%
Remove Ads.
Support Sporcle.
Get the best of Sporcle when you Go Orange. This ad-free experience offers more features, more stats, and more fun while also helping to support Sporcle. Thank you for becoming a member.

You're not logged in!

Compare scores with friends on all Sporcle quizzes.
OR
Log In

Show Comments

Extras

Top Quizzes Today


Score Distribution

Your Account Isn't Verified!

In order to create a playlist on Sporcle, you need to verify the email address you used during registration. Go to your Sporcle Settings to finish the process.

Report this User

Report this user for behavior that violates our Community Guidelines.

Details: